| 000 | 00714cam a22002292 4500 | ||
|---|---|---|---|
| 001 | 0000023499 | ||
| 005 | 20151217152242.0 | ||
| 008 | 130124s xx 000 0 eng d | ||
| 020 | _a1403198921 : | ||
| 040 |
_aKABU _cKABU |
||
| 100 | 1 |
_aHubbard, L. Ron. _@0000182885 |
|
| 245 | 1 | 0 |
_aHorticulture : _bfor a greener world / _cL. Ron Hubbard. |
| 250 | _a2nd ed. | ||
| 260 |
_aCommerce, CA : _bBridge Publications, _c2012. |
||
| 300 | _a165 p. | ||
| 600 | 1 | 0 |
_aHubbard, L. Ron _xPhilosophy. _@0000182885 |
| 650 | 0 |
_aHorticulture _xResearch. _@0000182930 |
|
| 650 | 0 |
_aHorticulture _xExperiments. _@0000182931 |
|
| 852 | 1 | _9p1000 KES | |
| 908 | _a130124 | ||
| 950 | _@1 | ||
| 999 |
_c9843 _d9843 |
||